000 005450000a22001930004500
003 LK-CoMWRAF
005 20230824202524.0
008 230817t1997 ||||| |||| 00| 0 eng d
020 _a9782463132
040 _aLK-CoMWRAF
_dLK-CoMWRAF
_eLK-CoMWRAF
041 _aeng
082 _a306.84
_bLAB
100 _aLababidi, Lesley Kitchen
245 _aPaddle Your Own Canoe:
_bAn American Woman's Passage into Nigeria
260 _bSpectrum Books Limited
_aNigeria (Ibadan)
_c1997
300 _a168 p
650 _aRhythum of Africa
942 _cBK
999 _c1688
_d1688